Öreg fa [vers] /

Elmentve itt :
Bibliográfiai részletek
Szerző: Belev Georgi
További közreműködők: Szokolay Zoltán
Dokumentumtípus: Cikk
Megjelent: 1980
Sorozat:Tiszatáj 34 No. 9
Kulcsszavak:Bolgár irodalom - költészet - 20. sz.
Online Access:http://tiszataj.bibl.u-szeged.hu/11099
LEADER 00603nab a2200193 i 4500
001 tisza11099
005 20200330142415.0
008 170703s1980 hu o 0|| hun d
022 |a 0133-1167 
040 |a SZTE Tiszatáj Archívum  |b hun 
041 |a hun 
100 1 |a Belev Georgi 
245 1 0 |a Öreg fa   |h [elektronikus dokumentum] :  |b [vers] /  |c  Belev Georgi 
260 |c 1980 
300 |a 41 
490 0 |a Tiszatáj  |v 34 No. 9 
695 |a Bolgár irodalom - költészet - 20. sz. 
700 0 1 |a Szokolay Zoltán 
856 4 0 |u http://tiszataj.bibl.u-szeged.hu/11099/1/tiszataj_1980_009_041.pdf  |z Dokumentum-elérés